[Event "Geraardsbergen op"]
[Site "Geraardsbergen"]
[Date "2003.08.14"]
[Round "2"]
[White "Van Ryssen, Johan"]
[Black "Verbruggen, Samuel"]
[Result "0-1"]
[WhiteElo "1599"]
[BlackElo "1808"]
[PlyCount "46"]
[EventDate "2003.08.??"]
[EventType "swiss"]
[EventRounds "7"]
[EventCountry "BEL"]
[SourceTitle "EXT 2005"]
[Source "ChessBase"]
[SourceDate "2004.11.15"]
[SourceVersion "1"]
[SourceVersionDate "2004.11.15"]
[SourceQuality "1"]

1. e4 c5 2. c3 Nc6 3. Nf3 g6 4. d4 cxd4 5. cxd4 Bg7 6. Be3 d6 7. Nc3 Bg4 8. Bc4 Nf6 9. e5 dxe5 10. Qb3 0-0 11. dxe5 Na5 12. exf6 Nxb3 13. fxg7 Nxa1 14. gxf8Q+ Kxf8 15. 0-0 Bxf3 16. Rxa1 Rc8 17. Bb3 Bg4 18. Bh6+ Kg8 19. Re1 Be6 20. Rxe6 Rxc3 21. bxc3 fxe6 22. Bxe6+ Kh8 23. Bb3 Qd3 0-1